000 00770nam a22002891c 4500
001 886261449
008 171206s2016 gw |||| 000u ger d
020 _a9783525367285
_9978-3-525-36728-5
041 _ager
245 0 4 _aDie Krise in der Frühen Neuzeit
250 _a1. Aufl.
264 _aGöttingen :
_bVandenhoeck & Ruprecht,
_c2016
300 _a399 Seiten
648 0 _a1600-1850
650 0 _aNotlage
650 0 _aKrise
650 0 _aBegriff
651 0 _aEuropa
655 0 _aAufsatzsammlung
700 1 _aSchlögl, Rudolf
_eHerausgeberIn
700 1 _aHoffmann-Rehnitz, Philip
_eHerausgeberIn
700 1 _aWiebel, Eva
_eHerausgeberIn
942 _cMG
040 _cRU-10907106
003 RU-10907106
999 _c48448
_d48448
490 0 _aHistorische Semantik
_v26